Introducción de leguminosas herbáceas como opción de rehabilitación en la microcuenca Tula, México / (Record no. 218641)
[ view plain ]
| 000 -CABECERA | |
|---|---|
| campo de control de longitud fija | 03040nam a2200277 a 4500 |
| 003 - IDENTIFICADOR DEL NÚMERO DE CONTROL | |
| campo de control | OSt |
| 005 - FECHA Y HORA DE LA ÚLTIMA TRANSACCIÓN | |
| campo de control | 20251027115213.0 |
| 007 - CAMPO FIJO DE DESCRIPCIÓN FÍSICA--INFORMACIÓN GENERAL | |
| campo de control de longitud fija | cr ||||||a|c|a |
| 008 - DATOS DE LONGITUD FIJA--INFORMACIÓN GENERAL | |
| campo de control de longitud fija | 230427s2020 mx ado|fom||| 001 0 spa d |
| 040 ## - FUENTE DE LA CATALOGACIÓN | |
| Normas de descripción | rda |
| 100 1# - ENTRADA PRINCIPAL--NOMBRE DE PERSONA | |
| 9 (RLIN) | 186845 |
| Nombre de persona | Zamora Elizalde, Mayra Clementina |
| 245 10 - MENCIÓN DE TÍTULO | |
| Título | Introducción de leguminosas herbáceas como opción de rehabilitación en la microcuenca Tula, México / |
| Mención de responsabilidad, etc. | Por Mayra Clementina Zamora Elizalde; director de tesis Rosa María García Núñez |
| 264 #1 - PRODUCCIÓN, PUBLICACIÓN, DISTRIBUCIÓN, FABRICACIÓN Y COPYRIGHT | |
| Producción, publicación, distribución, fabricación y copyright | Chapingo, México : |
| Nombre del de productor, editor, distribuidor, fabricante | El autor, |
| Fecha de producción, publicación, distribución, fabricación o copyright | 2020. |
| 300 ## - DESCRIPCIÓN FÍSICA | |
| Extensión | 1 recurso en línea (70 páginas): |
| Otras características físicas | Cuadros, figuras, fotografías y tablas |
| 336 ## - TIPO DE CONTENIDO | |
| Fuente | rdacontent |
| Término de tipo de contenido | texto |
| Código de tipo de contenido | txt |
| 337 ## - TIPO DE MEDIO | |
| Fuente | rdamedia |
| Nombre/término del tipo de medio | computadora |
| Código del tipo de medio | c |
| 338 ## - TIPO DE SOPORTE | |
| Fuente | rdacarrier |
| Nombre/término del tipo de soporte | recurso en línea |
| Código del tipo de soporte | cr |
| 502 ## - NOTA DE TESIS | |
| Tipo de título | Maestría en Ciencias en Agroforestería para el Desarrollo Sostenible |
| Nombre de la institución que otorga el título | Departamento de Enseñanza, Investigación y Servicio en Suelos, |
| Año de obtención del título | 2020 |
| Información miscelánea | Maestría |
| 504 ## - NOTA DE BIBLIOGRAFÍA, ETC. | |
| Nota de bibliografía, etc. | Incluye referencias bibliográficas: páginas 10-13-28-33-50-56 |
| 520 ## - SUMARIO, ETC. | |
| Sumario, etc. | A nivel mundial, regional y local, existen factores que determinan el cambio de uso de suelo. En la microcuenca Tula se desconocen los factores que han generado el deterioro ambiental en el cual se encuentra. Este deterioro se ve reflejado en perdida de suelo y reducción en la productividad, lo cual es necesario corregir. Por ello el objetivo de este trabajo fue evaluar la adaptación de las leguminosas Macroptilium atropurpureum [(Moc. & Sesse ex DC.) Urban] y Vicia sativa L. a partir de la modelación de sus nichos ecológicos para determinar su distribución potencial en la microcuenca Tula, México. Primeramente se diagnosticó la microcuenca mediante un análisis espacial, seguido por la modelación de nichos ecológicos de las dos leguminosas con la herramienta BIOCLIM del programa DIVA-GIS 7.5.0. El diagnóstico sirvió como base para diseñar estrategias que permitan combatir el deterioro de sus recursos naturales, y de él se concluyó que en el periodo analizado (25 años), el área agrícola se incrementó un 33% y una pérdida de superficie forestal de 22%. Las tasas de cambio y probabilidad de permanencia indicaron que de continuar con la tendencia actual seguirán incrementándose las áreas agrícolas y los cuerpos de agua, así como el abandono de algunas superficies debido a su baja productividad. Por otra parte, en la modelación de nichos se encontró que estas especies tienen un potencial muy bajo de distribución en esta región por lo que no se recomienda introducirlas en la microcuenca como una opción de rehabilitación ya que no tendrán un desarrollo óptimo. Para poder realizar rehabilitaciones de terrenos degradados es importante la selección de las especies a utilizar ya que su distribución potencial puede no coincidir con las áreas que se pretende rehabilitar. |
| 650 #4 - PUNTO DE ACCESO ADICIONAL DE MATERIA--TÉRMINO DE MATERIA | |
| 9 (RLIN) | 144108 |
| Término de materia o nombre geográfico como elemento de entrada | Conservación de suelos |
| 650 #4 - PUNTO DE ACCESO ADICIONAL DE MATERIA--TÉRMINO DE MATERIA | |
| 9 (RLIN) | 110300 |
| Término de materia o nombre geográfico como elemento de entrada | Suelos |
| Subdivisión general | Conservación |
| -- | Hidalgo |
| 700 1# - PUNTO DE ACCESO ADICIONAL--NOMBRE DE PERSONA | |
| 9 (RLIN) | 46382 |
| Nombre de persona | García Núñez, Rosa María |
| Término indicativo de función/relación | Director de tesis |
| 856 ## - LOCALIZACIÓN Y ACCESO ELECTRÓNICOS | |
| Identificador Uniforme del Recurso | http://10.13.5.2/tesis/tm/Zamora_Elizalde_Mayra_Clementina.pdf |
| Nota pública | DESCARGAR PDF |
| 942 ## - ELEMENTOS DE PUNTO DE ACCESO ADICIONAL (KOHA) | |
| Fuente del sistema de clasificación o colocación | Clasificación Universidad Autónoma Chapingo |
| Tipo de ítem Koha | Tesis digital |
| Estado de retiro | Estado de pérdida | Fuente del sistema de clasificación o colocación | Estado dañado | Restricciones de uso | No para préstamo | Código de colección | Localización permanente | Ubicación/localización actual | Ubicación en estantería | Fecha de adquisición | Total de préstamos | Signatura topográfica completa | Fecha visto por última vez | Precio válido a partir de | Tipo de ítem Koha |
|---|---|---|---|---|---|---|---|---|---|---|---|---|---|---|---|
| Clasificación Universidad Autónoma de Chapingo | Préstamo interno | Tesis digitales de Maestría | Biblioteca Digital | Biblioteca Digital | En línea | 09/05/2023 | Tesis digital | 09/05/2023 | 09/05/2023 | Tesis digital |
